000 00353 a2200121 4500
005 20250429154900.0
082 _a658.007 GRE
100 _aGREGSON, R. E.
245 _aCase Studies for Management Training in Tanzania.
260 _aMorogoro,
_bInstitute of Development Management,
_c1983.
300 _a96p.: ill.; figure , table
_c23cm
942 _2ddc
_cBKS
999 _c1785
_d1785